01253cam a22003255a 4500008004100000010001700041020001500058020001800073040002800091082002100119100003900140245008300179250002200262260003400284300003300318500002200351504003100373511002600404590002000430650003800450650001900488650003400507651001000541653002300551856009100574856009200665942002500757999001700782952012800799111027s1998 enka frb 001 0 eng d a 2002029191 a354057171X a9783540571711 aEG-ScBUEbengcEG-ScBUE04a621.366bDEM2221 aDemtroder, W. 92766810aLaser Spectroscopy :bBasic Concepts and Instrumentation /cWolfgang Demtroder a2nd enlarged ed.  aLondon :bSpringer,1998c1998 axx, 924 p. :bill. ;c24 cm. aIndex: p.917-924. aBibliography : p. 843-916. acatalogued by: wessam aMohamed Hussein 0aLaser spectroscopy.9276692BUEsh 0aPhysics2BUEsh 0aPlasma (Ionized gases)2BUEsh 2BUEsh bENGGENcAugust2015423Publisher descriptionuhttp://www.loc.gov/catdir/enhancements/fy0815/2002029191-d.html423Table of contents onlyuhttp://www.loc.gov/catdir/enhancements/fy0815/2002029191-t.html cBBk621.366 DEM2ddc c16178d16178 00102ddc40708sorazbkaMAINbMAINc1STd2011-10-27epurchaseg160.00l0o621.366 DEMp000025482r2025-07-15 00:00:00yBB